000
00297nam a22001337a 4500
008
171016b xxu||||| |||| 00| 0 eng d
020
_a
2900176664106
041
_a
eng
080
_a
33
100
_a
52
101
_a
ECO
245
_a
ECON CONTEMPORARY ECONOMICS
_c
JAMES.P
942
_2
udc
_c
BK
999
_c
34138
_d
34138